书目信息 |
| 题名: |
有机污染物定量结构-性质关系与定量结构-活性关系
|
|
| 作者: | 陈景文 著 | |
| 分册: | ||
| 出版信息: | 大连 大连理工大学出版社 1999.12 |
|
| 页数: | 273页 | |
| 开本: | 20cm | |
| 丛书名: | 大连理工大学博士学术丛书 | |
| 单 册: | ||
| 中图分类: | X5 | |
| 科图分类: | ||
| 主题词: | 环境污染 , 环境污染--污染防治 | |
| 电子资源: | ||
| ISBN: | 7-5611-1761-2 | |
| 000 | 00727nam0 2200217 45 | |
| 001 | 0355136530 | |
| 005 | 2003022615185640 | |
| 010 | @a7-5611-1761-2@dRMB 18.00 | |
| 100 | @a20030226d1999 km y0chiy0120 ea | |
| 101 | 0 | @achi |
| 200 | 1 | @a有机污染物定量结构-性质关系与定量结构-活性关系@Ayou ji wu ran wu ding liang jie gou-xing zhi guan xi yu ding liang jie gou-huo xing guan xi@f陈景文著@Fchen jing wen zhu |
| 210 | @a大连@c大连理工大学出版社@d1999.12 | |
| 215 | @a273页@d20cm | |
| 225 | 2 | @a大连理工大学博士学术丛书 |
| 410 | 0 | @12001 @a大连理工大学博士学术丛书 |
| 606 | 0 | @a环境污染 |
| 606 | 0 | @a环境污染@x污染防治 |
| 690 | @aX5@v3 | |
| 701 | 0 | @a陈景文@Achen jing wen@4著 |
| 801 | 0 | @aCN@bPFT@c20030226 |
| 905 | @dX5@eC470 | |
| 有机污染物定量结构-性质关系与定量结构-活性关系/陈景文著.-大连:大连理工大学出版社,1999.12 |
| 273页;20cm.-(大连理工大学博士学术丛书) |
| ISBN 7-5611-1761-2:RMB 18.00 |
| ● |
| 相关链接 |
|
|
|
正题名:有机污染物定量结构-性质关系与定量结构-活
索取号:X5/C470
 
预约/预借
| 序号 | 登录号 | 条形码 | 馆藏地/架位号 | 状态 | 备注 |
| 1 | 364454 | 203644547 | 自科库501/501自科库 97排1列1层/ [索取号:X5/C470] | 在馆 | |
| 2 | 364455 | 203644556 | 市政与环境工程学院资料室/ [索取号:X5/C470] | 在馆 | |
| 3 | 364456 | 203644565 | 自科库501/501自科库 97排1列1层/ [索取号:X5/C470] | 在馆 | |
| 4 | 364457 | 203644574 | 自科库501/501自科库 97排1列1层/ [索取号:X5/C470] | 在馆 | |
| 5 | 364458 | 203644583 | 市政与环境工程学院资料室/ [索取号:X5/C470] | 在馆 |